[Event "72nd RUS-ch Higher League 2019"]
[Site "Yaroslavl"]
[Date "2019.07.04"]
[Round "7.17"]
[White "Rozum, Ivan"]
[Black "Kardashevskiy, Evgeny"]
[Result "1-0"]
[WhiteElo "2572"]
[BlackElo "2429"]
[Annotator "ChessBase"]
[PlyCount "183"]
[EventDate "2019.06.27"]
[EventType "swiss"]
[EventCountry "RUS"]
[SourceTitle "playchess.com"]
[Source "ChessBase"]
[SourceQuality "1"]
[TimeControl "40/5400+30:1800+30"]

1. c4 {[%emt 0:03:36]} e6 {[%emt 0:00:00]} 2. Nf3 {[%emt 0:00:24]} Nf6 {[%emt 0:00:09]} 3. b3 {[%emt 0:00:46]} d5 {[%emt 0:00:29]} 4. Bb2 {[%emt 0:00:05]} Be7 {[%emt 0:01:00]} 5. g3 {[%emt 0:00:21]} O-O {[%emt 0:01:00]} 6. Bg2 {[%emt 0:00:03]} c5 {[%emt 0:01:29]} 7. cxd5 {[%emt 0:00:48]} Nxd5 {[%emt 0:00:21]} 8. O-O {[%emt 0:00:39]} Nc6 {[%emt 0:00:25]} 9. d4 {[%emt 0:03:39]} cxd4 {[%emt 0:00:57]} 10. Nxd4 {[%emt 0:00:10]} Bd7 {[%emt 0:01:13]} 11. Na3 {[%emt 0:07:14]} Nxd4 {[%emt 0:03:05]} 12. Qxd4 {[%emt 0:00:05]} Bf6 {[%emt 0:00:20]} 13. Qd2 {[%emt 0:00:05]} Bc6 {[%emt 0:00:22]} 14. Nc4 {[%emt 0:00:44]} Bxb2 {[%emt 0:04:10]} 15. Qxb2 {[%emt 0:00:04]} Nb4 {[%emt 0:04:17]} 16. Rfd1 {[%emt 0:01:27]} Qe7 {[%emt 0:01:44]} 17. e4 {[%emt 0:02:55]} Rfd8 {[%emt 0:07:39]} 18. a3 {[%emt 0:02:47]} Nd3 {[%emt 0:04:16]} 19. Qe2 {[%emt 0:01:26]} Nc5 {[%emt 0:01:19]} 20. Na5 {[%emt 0:01:16]} Be8 {[%emt 0:18:51]} 21. e5 {[%emt 0:03:13]} Rac8 {[%emt 0:09:43]} 22. b4 {[%emt 0:04:16]} Na4 {[%emt 0:04:48]} 23. Rxd8 {[%emt 0:02:04]} Qxd8 {[%emt 0:00:42]} 24. Nxb7 {[%emt 0:02:02]} Qd4 {[%emt 0:01:40]} 25. Re1 {[%emt 0:03:40]} Nc3 {[%emt 0:07:41]} 26. Qe3 {[%emt 0:04:49]} Qxe3 {[%emt 0:00:22]} 27. Rxe3 {[%emt 0:06:43]} Bb5 {[%emt 0:02:30]} 28. Bf1 {[%emt 0:08:56]} Bxf1 {[%emt 0:01:39]} 29. Kxf1 {[%emt 0:00:04]} Nd5 {[%emt 0:00:23]} 30. Rf3 {[%emt 0:01:28]} Rc1+ {[%emt 0:02:03]} 31. Kg2 {[%emt 0:00:43]} Rc2 {[%emt 0:03:51]} 32. Nd8 {[%emt 0:04:13]} Rc7 {[%emt 0:00:28]} 33. b5 {[%emt 0:00:26]} g5 {[%emt 0:00:57]} 34. a4 {[%emt 0:01:56]} g4 {[%emt 0:02:51]} 35. Rb3 {[%emt 0:00:33]} Rc3 {[%emt 0:10:59]} 36. Rxc3 {[%emt 0:01:49]} Nxc3 {[%emt 0:00:05]} 37. Nc6 {[%emt 0:00:06]} Nxa4 {[%emt 0:00:15]} 38. Nxa7 {[%emt 0:00:14]} Nb6 {[%emt 0:00:20]} 39. h3 h5 {[%emt 0:00:41]} 40. hxg4 {[%emt 0:00:00]} hxg4 {[%emt 0:00:00]} 41. Kf1 {[%emt 0:04:53]} Kg7 {[%emt 0:02:23]} 42. Ke2 {[%emt 0:01:11]} f6 {[%emt 0:05:40]} 43. Nc6 {[%emt 0:01:50]} Nd7 {[%emt 0:01:56]} 44. exf6+ {[%emt 0:03:53]} Kxf6 {[%emt 0:00:09]} 45. Kd3 {[%emt 0:00:35]} Kf5 {[%emt 0:07:25]} 46. Kd4 {[%emt 0:11:22]} e5+ {[%emt 0:01:56]} 47. Ke3 {[%emt 0:02:12]} Ke6 {[%emt 0:01:56]} 48. Nb4 {[%emt 0:00:02]} Kd6 {[%emt 0:02:43]} 49. Ke4 {[%emt 0:02:44]} Ke6 {[%emt 0:00:21]} 50. Na2 {[%emt 0:12:33]} Nc5+ {[%emt 0:01:01]} 51. Ke3 {[%emt 0:00:02]} Na4 {[%emt 0:01:23]} 52. Kd2 {[%emt 0:03:05]} Kd6 {[%emt 0:03:39]} 53. Nc3 {[%emt 0:01:13]} Nb6 {[%emt 0:00:17]} 54. Kd3 {[%emt 0:01:39]} Ke6 {[%emt 0:00:14]} 55. Nd1 {[%emt 0:00:58]} Nd7 {[%emt 0:02:53]} 56. Ne3 {[%emt 0:00:08]} Nf6 {[%emt 0:00:40]} 57. Kc4 {[%emt 0:04:43]} Kd6 {[%emt 0:00:29]} 58. Kb4 {[%emt 0:00:37]} Kc7 {[%emt 0:01:15]} 59. Ka5 {[%emt 0:00:35]} Kb7 {[%emt 0:00:17]} 60. b6 {[%emt 0:00:19]} Kc6 {[%emt 0:02:32]} 61. Ka6 {[%emt 0:06:11]} Nd7 {[%emt 0:00:14]} 62. Nxg4 {[%emt 0:01:01]} Nxb6 {[%emt 0:00:15]} 63. Nxe5+ {[%emt 0:00:05]} Kc5 {[%emt 0:00:19]} 64. Nd3+ {[%emt 0:01:22]} Kc6 {[%emt 0:00:06]} 65. Ka5 {[%emt 0:00:40]} Nd7 {[%emt 0:01:02]} 66. Kb4 {[%emt 0:00:24]} Kd5 {[%emt 0:00:34]} 67. Kc3 {[%emt 0:00:07]} Ke4 {[%emt 0:00:05]} 68. Ne1 {[%emt 0:01:24]} Kf5 {[%emt 0:01:51]} 69. Kd2 {[%emt 0:02:31]} Kg4 {[%emt 0:00:30]} 70. Ke2 {[%emt 0:00:15]} Ne5 {[%emt 0:02:05]} 71. Nd3 {[%emt 0:01:04]} Nc4 {[%emt 0:00:49]} 72. Kf1 {[%emt 0:00:34]} Kh3 {[%emt 0:00:28]} 73. Kg1 {[%emt 0:00:18]} Ne5 {[%emt 0:00:33]} 74. Nf4+ {[%emt 0:00:36]} Kg4 {[%emt 0:00:04]} 75. Kg2 {[%emt 0:00:03]} Nf3 {[%emt 0:00:17]} 76. Nd3 {[%emt 0:00:06]} Ng5 {[%emt 0:00:12]} 77. f3+ {[%emt 0:00:13]} Kf5 {[%emt 0:00:20]} 78. g4+ {[%emt 0:00:06]} Kf6 {[%emt 0:00:06]} 79. Kg3 {[%emt 0:00:35]} Kg6 {[%emt 0:00:09]} 80. Nc5 {[%emt 0:00:22]} Kh6 {[%emt 0:00:15]} 81. f4 {[%emt 0:00:07]} Nf7 {[%emt 0:00:05]} 82. Ne4 {[%emt 0:00:07]} Kg6 {[%emt 0:00:06]} 83. f5+ {[%emt 0:00:07]} Kh6 {[%emt 0:00:07]} 84. Kf4 {[%emt 0:00:18]} Nd8 {[%emt 0:00:13]} 85. g5+ {[%emt 0:00:08]} Kg7 {[%emt 0:00:06]} 86. Kg4 {[%emt 0:01:07]} Nc6 {[%emt 0:00:25]} 87. Kh5 {[%emt 0:00:11]} Nd4 {[%emt 0:00:12]} 88. f6+ {[%emt 0:00:13]} Kf7 {[%emt 0:00:06]} 89. g6+ {[%emt 0:00:13]} Ke6 {[%emt 0:00:16]} 90. g7 {[%emt 0:00:15]} Kf7 {[%emt 0:00:07]} 91. Ng5+ {[%emt 0:00:09]} Kg8 {[%emt 0:00:10]} 92. Kg6 {[%emt 0:00:05]} 1-0

[Event "72nd RUS-ch Higher League 2019"]
[Site "Yaroslavl"]
[Date "2019.07.04"]
[Round "7.18"]
[White "Nesterov, Arseniy"]
[Black "Bocharov, Ivan"]
[Result "1/2-1/2"]
[WhiteElo "2423"]
[BlackElo "2559"]
[Annotator "ChessBase"]
[PlyCount "81"]
[EventDate "2019.06.27"]
[EventType "swiss"]
[EventCountry "RUS"]
[SourceTitle "playchess.com"]
[Source "ChessBase"]
[SourceQuality "1"]
[TimeControl "40/5400+30:1800+30"]

1. d4 {[%emt 0:00:00]} d5 {[%emt 0:00:00]} 2. c4 {[%emt 0:00:00]} e6 {[%emt 0:00:00]} 3. Nf3 {[%emt 0:00:00]} Nf6 {[%emt 0:00:00]} 4. g3 {[%emt 0:00:28]} Bb4+ {[%emt 0:00:03]} 5. Bd2 {[%emt 0:00:07]} Be7 {[%emt 0:00:05]} 6. Bg2 {[%emt 0:00:29]} O-O {[%emt 0:00:05]} 7. O-O {[%emt 0:01:34]} Nbd7 {[%emt 0:00:11]} 8. Qc2 {[%emt 0:00:13]} c6 {[%emt 0:00:12]} 9. Bf4 {[%emt 0:02:04]} b6 {[%emt 0:00:49]} 10. Rd1 {[%emt 0:01:46]} Ba6 {[%emt 0:00:32]} 11. cxd5 {[%emt 0:08:06]} cxd5 {[%emt 0:00:15]} 12. Ne5 {[%emt 0:00:13]} Nxe5 {[%emt 0:08:09]} 13. dxe5 {[%emt 0:00:06]} Ng4 {[%emt 0:00:28]} 14. h3 {[%emt 0:05:49]} Rc8 {[%emt 0:01:12]} 15. Qd2 {[%emt 0:16:40]} Nh6 {[%emt 0:02:25]} 16. Bxh6 {[%emt 0:00:45]} gxh6 {[%emt 0:00:03]} 17. Nc3 {[%emt 0:09:04]} Qc7 {[%emt 0:02:26]} 18. Qf4 {[%emt 0:04:01]} Bg5 {[%emt 0:04:51]} 19. Qa4 {[%emt 0:04:35]} Bc4 {[%emt 0:10:47]} 20. h4 {[%emt 0:02:06]} Be7 {[%emt 0:01:22]} 21. b3 {[%emt 0:04:33]} Qxe5 {[%emt 0:09:53]} 22. bxc4 {[%emt 0:00:55]} Rxc4 {[%emt 0:00:10]} 23. Qxa7 {[%emt 0:00:09]} Rc7 {[%emt 0:00:41]} 24. Qxb6 {[%emt 0:00:31]} Rxc3 {[%emt 0:00:06]} 25. Qd4 {[%emt 0:05:22]} Qxd4 {[%emt 0:01:24]} 26. Rxd4 {[%emt 0:00:13]} Rb8 {[%emt 0:07:59]} 27. a4 {[%emt 0:02:38]} Bc5 28. Rg4+ {[%emt 0:11:27]} Kf8 {[%emt 0:00:38]} 29. a5 Rb2 {[%emt 0:07:44]} 30. a6 {[%emt 0:06:05]} Ba7 {[%emt 0:00:01]} 31. e3 {[%emt 0:01:19]} Rcc2 {[%emt 0:09:05]} 32. Rf4 {[%emt 0:02:18]} Ke7 33. Ra3 Rc1+ {[%emt 0:15:01]} 34. Kh2 {[%emt 0:00:37]} f5 {[%emt 0:03:42]} 35. h5 {[%emt 0:03:41]} Kd6 {[%emt 0:01:01]} 36. Bh3 {[%emt 0:00:50]} Re1 {[%emt 0:04:23]} 37. Bg2 {[%emt 0:00:57]} Rc1 {[%emt 0:00:15]} 38. Bh3 {[%emt 0:00:09]} Rc4 {[%emt 0:04:58]} 39. Kg1 {[%emt 0:01:48]} Rc1+ {[%emt 0:01:49]} 40. Kh2 {[%emt 0:00:00]} Re1 {[%emt 0:00:00]} 41. Bg2 {[%emt 0:01:04]} 1/2-1/2

[Event "72nd RUS-ch Higher League 2019"]
[Site "Yaroslavl"]
[Date "2019.07.04"]
[Round "7.19"]
[White "Murzin, Volodar"]
[Black "Lomasov, Semyon"]
[Result "1/2-1/2"]
[WhiteElo "2418"]
[BlackElo "2542"]
[Annotator "ChessBase"]
[PlyCount "94"]
[EventDate "2019.06.27"]
[EventType "swiss"]
[EventCountry "RUS"]
[SourceTitle "playchess.com"]
[Source "ChessBase"]
[SourceQuality "1"]
[TimeControl "40/5400+30:1800+30"]

1. e4 {[%emt 0:00:00]} e6 {[%emt 0:00:00]} 2. d4 {[%emt 0:00:05]} d5 {[%emt 0:00:00]} 3. exd5 {[%emt 0:00:30]} exd5 {[%emt 0:00:00]} 4. Nf3 {[%emt 0:00:03]} Nc6 {[%emt 0:00:00]} 5. c3 {[%emt 0:05:41]} Bd6 {[%emt 0:00:50]} 6. Bd3 {[%emt 0:00:12]} Nge7 {[%emt 0:00:07]} 7. O-O {[%emt 0:00:22]} Bf5 {[%emt 0:00:15]} 8. Re1 {[%emt 0:10:52]} Qd7 {[%emt 0:13:34]} 9. Bxf5 {[%emt 0:04:19]} Qxf5 {[%emt 0:00:59]} 10. Nbd2 {[%emt 0:00:07]} O-O-O {[%emt 0:05:25]} 11. Nf1 {[%emt 0:00:35]} Ng6 {[%emt 0:08:24]} 12. Bd2 {[%emt 0:06:33]} Nce7 {[%emt 0:03:49]} 13. Qb1 {[%emt 0:08:40]} Qd7 {[%emt 0:06:42]} 14. Qd3 {[%emt 0:07:28]} f6 {[%emt 0:03:55]} 15. Re2 {[%emt 0:02:37]} Nf8 {[%emt 0:04:08]} 16. h4 {[%emt 0:11:49]} h6 {[%emt 0:05:45]} 17. Rae1 {[%emt 0:05:47]} g5 {[%emt 0:00:13]} 18. Ng3 {[%emt 0:01:29]} g4 {[%emt 0:03:50]} 19. Nh2 {[%emt 0:00:31]} h5 {[%emt 0:01:13]} 20. Bf4 {[%emt 0:05:23]} Nfg6 {[%emt 0:01:18]} 21. Bxd6 {[%emt 0:00:23]} cxd6 {[%emt 0:00:11]} 22. Qc2 {[%emt 0:02:42]} f5 {[%emt 0:03:21]} 23. Re6 {[%emt 0:03:13]} Rdf8 {[%emt 0:01:46]} 24. c4 {[%emt 0:05:30]} Kb8 {[%emt 0:03:33]} 25. cxd5 {[%emt 0:04:20]} f4 {[%emt 0:14:57]} 26. Ne4 {[%emt 0:03:35]} Nxh4 {[%emt 0:00:17]} 27. Rxd6 {[%emt 0:00:52]} Qf5 {[%emt 0:02:53]} 28. Qb3 {[%emt 0:01:07]} Nc8 {[%emt 0:01:41]} 29. Re6 {[%emt 0:00:55]} Nb6 {[%emt 0:07:07]} 30. Re5 {[%emt 0:01:14]} Qg6 {[%emt 0:00:29]} 31. a4 {[%emt 0:02:54]} f3 {[%emt 0:01:16]} 32. a5 {[%emt 0:03:05]} g3 {[%emt 0:02:12]} 33. Nxg3 {[%emt 0:01:11]} Nc8 {[%emt 0:00:25]} 34. d6 {[%emt 0:01:27]} Rh7 {[%emt 0:04:08]} 35. Qe6 {[%emt 0:01:09]} fxg2 {[%emt 0:01:47]} 36. Qh3 {[%emt 0:00:30]} Qf7 {[%emt 0:00:48]} 37. Ne4 {[%emt 0:00:41]} Ng6 {[%emt 0:00:01]} 38. Rg5 {[%emt 0:00:36]} Nf4 {[%emt 0:00:53]} 39. Qh4 {[%emt 0:00:19]} Qd7 {[%emt 0:00:41]} 40. Rg3 {[%emt 0:00:00]} Rhf7 {[%emt 0:00:00]} 41. Nf3 {[%emt 0:01:10]} Qb5 {[%emt 0:11:20]} 42. Ne5 {[%emt 0:03:28]} Ne2+ {[%emt 0:02:08]} 43. Kxg2 {[%emt 0:00:45]} Rf4 {[%emt 0:00:27]} 44. Qg5 {[%emt 0:06:18]} Rxe4 {[%emt 0:06:53]} 45. Qg7 {[%emt 0:00:25]} Nf4+ {[%emt 0:05:05]} 46. Kh2 {[%emt 0:00:20]} Rxe1 {[%emt 0:05:07]} 47. Qxf8 {[%emt 0:01:24]} Rh1+ {[%emt 0:02:46]} 1/2-1/2

[Event "72nd RUS-ch Higher League 2019"]
[Site "Yaroslavl"]
[Date "2019.07.04"]
[Round "7.20"]
[White "Shimanov, Aleksandr"]
[Black "Salemgareev, Tagir"]
[Result "0-1"]
[WhiteElo "2615"]
[BlackElo "2412"]
[Annotator "ChessBase"]
[PlyCount "92"]
[EventDate "2019.06.27"]
[EventType "swiss"]
[EventCountry "RUS"]
[SourceTitle "playchess.com"]
[Source "ChessBase"]
[SourceQuality "1"]
[TimeControl "40/5400+30:1800+30"]

1. d4 {[%emt 0:04:26]} Nf6 {[%emt 0:00:00]} 2. Bf4 {[%emt 0:00:13]} b6 {[%emt 0:03:21]} 3. f3 {[%emt 0:04:55]} d5 {[%emt 0:00:51]} 4. Nc3 {[%emt 0:00:24]} Bb7 {[%emt 0:00:52]} 5. g4 {[%emt 0:01:55]} e6 {[%emt 0:01:27]} 6. e3 {[%emt 0:01:14]} a6 {[%emt 0:00:28]} 7. h4 {[%emt 0:09:18]} c5 {[%emt 0:02:55]} 8. Qd2 {[%emt 0:01:14]} Nc6 {[%emt 0:00:35]} 9. h5 {[%emt 0:03:57]} h6 {[%emt 0:01:14]} 10. Nh3 b5 {[%emt 0:08:01]} 11. Ne2 {[%emt 0:02:44]} Qb6 {[%emt 0:05:20]} 12. Bg2 {[%emt 0:03:50]} Be7 {[%emt 0:02:37]} 13. Nf2 {[%emt 0:03:15]} c4 {[%emt 0:03:18]} 14. c3 {[%emt 0:01:49]} b4 {[%emt 0:07:41]} 15. O-O {[%emt 0:05:45]} a5 {[%emt 0:00:38]} 16. e4 {[%emt 0:02:54]} a4 17. e5 {[%emt 0:06:33]} Nd7 {[%emt 0:12:40]} 18. a3 {[%emt 0:00:05]} bxa3 {[%emt 0:01:01]} 19. bxa3 {[%emt 0:00:00]} Na5 {[%emt 0:01:04]} 20. Ra2 {[%emt 0:04:41]} Nb3 {[%emt 0:01:19]} 21. Qc2 {[%emt 0:01:06]} O-O-O {[%emt 0:07:48]} 22. Bg3 Rdg8 23. f4 {[%emt 0:03:15]} g6 {[%emt 0:02:37]} 24. hxg6 {[%emt 0:02:54]} fxg6 {[%emt 0:00:12]} 25. f5 {[%emt 0:01:07]} gxf5 {[%emt 0:00:30]} 26. gxf5 exf5 {[%emt 0:00:06]} 27. Qxf5 {[%emt 0:01:01]} Rf8 {[%emt 0:06:15]} 28. Qh3 {[%emt 0:00:42]} Rhg8 {[%emt 0:06:27]} 29. Bh2 {[%emt 0:07:50]} Bc6 {[%emt 0:05:02]} 30. Nf4 {[%emt 0:02:01]} Kb7 {[%emt 0:02:17]} 31. Ng4 {[%emt 0:03:21]} Qa5 {[%emt 0:01:37]} 32. Nxh6 {[%emt 0:04:31]} Rg7 {[%emt 0:06:22]} 33. Ne6 {[%emt 0:09:32]} Rxf1+ {[%emt 0:00:52]} 34. Kxf1 {[%emt 0:00:03]} Rh7 {[%emt 0:04:26]} 35. Bf4 {[%emt 0:00:41]} Rh8 {[%emt 0:01:07]} 36. Qg3 {[%emt 0:01:54]} Nf8 {[%emt 0:01:01]} 37. Ng7 {[%emt 0:00:50]} Bh4 38. Qxh4 {[%emt 0:02:57]} Ng6 {[%emt 0:03:44]} 39. Qg3 {[%emt 0:00:49]} Nxf4 {[%emt 0:00:14]} 40. Ngf5 {[%emt 0:00:00]} Nd3 {[%emt 0:00:00]} 41. Qg7+ {[%emt 0:06:25]} Ka6 {[%emt 0:06:19]} 42. Qf6 {[%emt 0:09:37]} Rc8 {[%emt 0:08:34]} 43. Rc2 {[%emt 0:03:51]} Na1 {[%emt 0:00:35]} 44. Ne7 {[%emt 0:00:39]} Nxc2 {[%emt 0:00:47]} 45. Nxc6 {[%emt 0:13:37]} Qb6 {[%emt 0:02:31]} 46. Ne7 {[%emt 0:01:12]} Rf8 {[%emt 0:00:40]} 0-1

[Event "72nd RUS-ch Higher League 2019"]
[Site "Yaroslavl"]
[Date "2019.07.04"]
[Round "7.21"]
[White "Levin, Evgeny A."]
[Black "Nozdrachev, Vladislav"]
[Result "1-0"]
[WhiteElo "2504"]
[BlackElo "2481"]
[Annotator "ChessBase"]
[PlyCount "105"]
[EventDate "2019.06.27"]
[EventType "swiss"]
[EventCountry "RUS"]
[SourceTitle "playchess.com"]
[Source "ChessBase"]
[SourceQuality "1"]
[TimeControl "40/5400+30:1800+30"]

1. d4 {[%emt 0:00:58]} Nf6 {[%emt 0:00:00]} 2. c4 {[%emt 0:00:07]} e6 {[%emt 0:00:00]} 3. Nf3 {[%emt 0:00:09]} d5 {[%emt 0:00:00]} 4. Nc3 {[%emt 0:00:07]} Be7 {[%emt 0:00:13]} 5. Bg5 {[%emt 0:01:10]} h6 {[%emt 0:00:08]} 6. Bh4 {[%emt 0:00:04]} O-O {[%emt 0:00:07]} 7. e3 {[%emt 0:00:03]} Nbd7 {[%emt 0:00:06]} 8. Rc1 {[%emt 0:00:55]} c6 {[%emt 0:03:36]} 9. Bd3 {[%emt 0:03:01]} dxc4 {[%emt 0:13:21]} 10. Bxc4 {[%emt 0:00:56]} b5 {[%emt 0:00:08]} 11. Bd3 {[%emt 0:02:17]} Bb7 {[%emt 0:00:09]} 12. O-O {[%emt 0:10:19]} a6 {[%emt 0:00:22]} 13. a4 {[%emt 0:01:30]} Rc8 {[%emt 0:02:14]} 14. Qe2 {[%emt 0:04:59]} Nb6 {[%emt 0:04:28]} 15. Ne5 Nfd7 {[%emt 0:11:02]} 16. Bg3 {[%emt 0:16:57]} Nxa4 {[%emt 0:07:57]} 17. Nxa4 {[%emt 0:03:51]} Nxe5 {[%emt 0:01:08]} 18. Bxe5 {[%emt 0:01:06]} bxa4 {[%emt 0:00:03]} 19. Qg4 {[%emt 0:15:46]} Bg5 {[%emt 0:00:13]} 20. f4 {[%emt 0:04:54]} f5 {[%emt 0:01:18]} 21. Qh5 {[%emt 0:08:30]} Bf6 {[%emt 0:01:41]} 22. Bc4 {[%emt 0:01:12]} Qe7 {[%emt 0:05:13]} 23. Qxf5 {[%emt 0:00:37]} Rce8 {[%emt 0:00:20]} 24. Qg6 {[%emt 0:12:14]} Qf7 {[%emt 0:03:54]} 25. Qg4 {[%emt 0:06:55]} Kh8 {[%emt 0:04:33]} 26. Bd3 {[%emt 0:00:15]} Rd8 27. Bg6 {[%emt 0:00:28]} Qe7 {[%emt 0:02:11]} 28. Bc2 {[%emt 0:02:33]} g5 29. Qh5 {[%emt 0:00:14]} Qg7 {[%emt 0:07:35]} 30. fxg5 {[%emt 0:00:13]} Bxe5 {[%emt 0:00:28]} 31. gxh6 {[%emt 0:00:31]} Bxh2+ {[%emt 0:00:42]} 32. Kxh2 Qc7+ 33. Qe5+ {[%emt 0:02:55]} Qxe5+ {[%emt 0:00:35]} 34. dxe5 {[%emt 0:00:02]} c5 {[%emt 0:00:11]} 35. Rcd1 {[%emt 0:00:43]} Bd5 {[%emt 0:00:27]} 36. Bg6 {[%emt 0:00:51]} Rxf1 {[%emt 0:02:35]} 37. Rxf1 {[%emt 0:00:03]} Rg8 {[%emt 0:00:06]} 38. Rf6 {[%emt 0:00:39]} c4 {[%emt 0:00:07]} 39. e4 {[%emt 0:00:13]} Bb7 {[%emt 0:05:42]} 40. Bf7 {[%emt 0:00:00]} Rg5 {[%emt 0:00:00]} 41. Bg6 {[%emt 0:18:53]} Rxg6 {[%emt 0:03:49]} 42. Rxg6 {[%emt 0:00:03]} c3 {[%emt 0:00:57]} 43. bxc3 {[%emt 0:00:04]} a3 {[%emt 0:00:04]} 44. Rf6 {[%emt 0:00:29]} Bxe4 {[%emt 0:00:25]} 45. Rf1 {[%emt 0:02:49]} a2 {[%emt 0:00:32]} 46. Ra1 {[%emt 0:00:04]} Bd5 {[%emt 0:00:05]} 47. g4 {[%emt 0:00:17]} Kh7 {[%emt 0:00:08]} 48. g5 {[%emt 0:00:05]} a5 {[%emt 0:00:16]} 49. Kg3 {[%emt 0:00:06]} a4 {[%emt 0:00:06]} 50. Kf4 {[%emt 0:00:05]} Bb3 {[%emt 0:00:14]} 51. Ke3 {[%emt 0:00:22]} Bc4 {[%emt 0:00:12]} 52. Kd4 {[%emt 0:00:03]} Bb3 {[%emt 0:00:04]} 53. c4 {[%emt 0:00:27]} 1-0

[Event "72nd RUS-ch Higher League 2019"]
[Site "Yaroslavl"]
[Date "2019.07.04"]
[Round "7.22"]
[White "Yanchenko, Roman"]
[Black "Samojlov, Anton"]
[Result "1-0"]
[WhiteElo "2478"]
[BlackElo "2350"]
[Annotator "ChessBase"]
[PlyCount "113"]
[EventDate "2019.06.27"]
[EventType "swiss"]
[EventCountry "RUS"]
[SourceTitle "playchess.com"]
[Source "ChessBase"]
[SourceQuality "1"]
[TimeControl "40/5400+30:1800+30"]

1. d4 {[%emt 0:00:00]} Nf6 {[%emt 0:00:10]} 2. Nf3 {[%emt 0:00:00]} b6 {[%emt 0:00:17]} 3. Bf4 {[%emt 0:00:58]} Bb7 {[%emt 0:00:19]} 4. e3 {[%emt 0:00:17]} g6 {[%emt 0:00:38]} 5. Bd3 {[%emt 0:00:47]} d6 {[%emt 0:00:54]} 6. Nbd2 {[%emt 0:00:20]} Bg7 {[%emt 0:00:18]} 7. Qe2 {[%emt 0:02:51]} Nfd7 {[%emt 0:07:30]} 8. h4 {[%emt 0:05:22]} e5 {[%emt 0:00:48]} 9. Bh2 {[%emt 0:00:04]} Qe7 {[%emt 0:00:53]} 10. dxe5 {[%emt 0:01:40]} dxe5 {[%emt 0:02:16]} 11. e4 {[%emt 0:00:28]} Nc5 {[%emt 0:03:03]} 12. Bc4 {[%emt 0:04:55]} Nc6 {[%emt 0:08:17]} 13. Bd5 {[%emt 0:02:16]} O-O-O {[%emt 0:08:47]} 14. O-O-O {[%emt 0:03:39]} f5 {[%emt 0:21:54]} 15. Rhe1 {[%emt 0:13:17]} f4 {[%emt 0:08:50]} 16. Nb3 {[%emt 0:01:42]} Ba6 {[%emt 0:07:54]} 17. Bc4 {[%emt 0:01:09]} Bb7 {[%emt 0:00:58]} 18. g3 {[%emt 0:18:53]} fxg3 {[%emt 0:10:56]} 19. Bxg3 {[%emt 0:01:57]} Ne6 {[%emt 0:09:06]} 20. Kb1 {[%emt 0:05:56]} Kb8 {[%emt 0:01:16]} 21. Ba6 {[%emt 0:04:12]} Ba8 {[%emt 0:00:33]} 22. c3 {[%emt 0:00:28]} Rhf8 {[%emt 0:00:13]} 23. Nfd2 {[%emt 0:03:00]} Nf4 {[%emt 0:00:30]} 24. Qf1 {[%emt 0:01:09]} Nh5 {[%emt 0:01:09]} 25. Qb5 {[%emt 0:00:17]} Qe6 {[%emt 0:03:28]} 26. a4 {[%emt 0:08:57]} Bh6 {[%emt 0:00:37]} 27. Nc4 {[%emt 0:00:46]} Nxg3 {[%emt 0:00:56]} 28. fxg3 {[%emt 0:01:59]} Ne7 {[%emt 0:00:10]} 29. Rxd8+ {[%emt 0:01:03]} Rxd8 {[%emt 0:00:02]} 30. Qxe5 {[%emt 0:00:06]} Qxe5 {[%emt 0:00:56]} 31. Nxe5 {[%emt 0:00:03]} Bg7 {[%emt 0:00:13]} 32. Nf3 {[%emt 0:01:16]} Re8 {[%emt 0:01:19]} 33. Nbd2 {[%emt 0:01:43]} c5 {[%emt 0:00:40]} 34. Kc2 {[%emt 0:01:16]} Nc6 {[%emt 0:00:14]} 35. Bc4 {[%emt 0:03:21]} Bb7 {[%emt 0:00:52]} 36. Bd5 {[%emt 0:03:35]} Rf8 {[%emt 0:00:04]} 37. Ng5 {[%emt 0:00:42]} Be5 {[%emt 0:00:49]} 38. Nxh7 {[%emt 0:04:22]} Rh8 {[%emt 0:00:28]} 39. Ng5 {[%emt 0:00:30]} Bxg3 {[%emt 0:00:02]} 40. Rg1 {[%emt 0:00:00]} Bh2 {[%emt 0:00:00]} 41. Rg2 {[%emt 0:00:42]} Bc7 {[%emt 0:03:29]} 42. Ngf3 {[%emt 0:04:39]} Ne7 {[%emt 0:01:45]} 43. Bxb7 {[%emt 0:00:05]} Kxb7 {[%emt 0:00:02]} 44. Kd3 {[%emt 0:01:14]} a6 {[%emt 0:03:25]} 45. e5 {[%emt 0:04:02]} b5 {[%emt 0:00:34]} 46. axb5 {[%emt 0:00:14]} axb5 {[%emt 0:00:01]} 47. Ne4 {[%emt 0:02:28]} Kc6 {[%emt 0:00:28]} 48. Neg5 {[%emt 0:01:50]} Ra8 {[%emt 0:08:43]} 49. Ne6 {[%emt 0:02:08]} Ra4 {[%emt 0:03:02]} 50. b3 {[%emt 0:02:40]} Ra3 {[%emt 0:00:07]} 51. Ke4 {[%emt 0:00:25]} Kb6 {[%emt 0:04:34]} 52. Nf4 {[%emt 0:01:38]} Rxb3 {[%emt 0:02:35]} 53. Nxg6 {[%emt 0:00:14]} Nc6 {[%emt 0:01:16]} 54. h5 {[%emt 0:00:18]} b4 {[%emt 0:01:19]} 55. h6 {[%emt 0:00:13]} bxc3 {[%emt 0:00:55]} 56. h7 {[%emt 0:00:15]} Rb2 {[%emt 0:00:06]} 57. Rxb2+ {[%emt 0:00:28]} 1-0

[Event "72nd RUS-ch Higher League 2019"]
[Site "Yaroslavl"]
[Date "2019.07.04"]
[Round "7.23"]
[White "Truskavetsky, Alexandr"]
[Black "Vlasenko, Miroslav"]
[Result "0-1"]
[WhiteElo "2398"]
[BlackElo "2417"]
[Annotator "TA"]
[PlyCount "70"]
[EventDate "2019.06.27"]
[EventType "swiss"]
[EventCountry "RUS"]
[SourceTitle "playchess.com"]
[Source "ChessBase"]
[SourceQuality "1"]

{[%evp 9,70,16,23,-27,-25,-50,-56,-95,-102,-110,-95,-99,-106,-104,-116,-125,-70,-70,-39,-26,-25,-19,-34,-36,-29,-50,-52,-57,-41,-47,-54,-41,-52,-85,-87,-75,-85,-155,-156,-223,-206,-274,-272,-266,-262,-331,-320,-485,-323,-342,-322,-343,-356,-338,-337,-423,-401,-560,-584,-743,-714,-964,-958]} 1. d4 f5 2. Bg5 g6 3. Nf3 Bg7 4. Nbd2 (4. Nc3 Nf6 5. Bxf6 Bxf6 6. e4 fxe4 7. Nxe4 Bg7 8. d5 c6 9. Bc4 Qa5+ 10. c3 cxd5 11. Bxd5 Nc6 12. O-O e6 13. Nd6+ Ke7 14. Bb3 {½-½ (38) Ushenina,A (2447)-Wang,Y (2337) China 2018}) 4... h6 5. Bf4 d6 6. h3 {A80: Dutch Defence: Unusual White second moves} Nc6 $146 ({Predecessor:} 6... g5 7. Bh2 g4 8. hxg4 fxg4 9. Nh4 Bxd4 10. c3 Bf6 11. Ng6 {0-1 (82) Rados,P (1723)-Choong,Y (1633) South Perth 2005}) 7. d5 e5 8. dxe6 {Black is slightly better.} Bxb2 9. Rb1 Qf6 10. e3 g5 11. Bg3 Bxe6 12. c4 {[#] aiming for Qb3.} Nge7 (12... b6 $17 13. Qc2 Bc3) 13. Qc2 $15 Be5 14. Nxe5 dxe5 15. Rxb7 f4 16. Bh2 O-O {And now ...fxe3 would win.} 17. Ne4 (17. Rxc7 fxe3 18. Ne4 exf2+ 19. Nxf2 Bf5 $19) 17... Qg6 18. Bd3 Rad8 $1 19. Nc5 Bf5 20. Bxf5 $1 Rxf5 21. g4 {[#]} Rf7 $1 22. Qxg6+ Nxg6 23. O-O (23. Rb2 $142) 23... Rd2 $17 {Hoping for ...fxe3.} 24. exf4 (24. Rbb1 $17) 24... gxf4 25. Ne6 Re7 ({But not} 25... Rxa2 26. Rxc7 Rxc7 27. Nxc7 $19) 26. Nc5 Rxa2 27. Rd1 Nd4 28. Kf1 (28. Kh1 {was necessary.}) 28... Nh4 29. Ne4 Nhf3 30. Bg1 Kf7 31. Rb8 Re2 32. Nc3 Rc2 33. Nd5 Rd7 {Black is clearly winning.} 34. Nb4 Rxc4 35. Rb7 Nxg1 {Accuracy: White = 44%, Black = 87%.} 0-1